Central Library OPAC University of Rajshahi

বাংলা ও হিন্দী পৌরাণিক নাটক / (Record no. 41463)

MARC details
000 -LEADER
fixed length control field 00898nam a22002417a 4500
001 - CONTROL NUMBER
control field 41463
003 - CONTROL NUMBER IDENTIFIER
rucl marc code BD-RjUL
005 - DATE AND TIME OF LATEST TRANSACTION
control field 20211209053407.0
008 - FIXED-LENGTH DATA ELEMENTS--GENERAL INFORMATION
fixed length control field 160531s1992 ii ||||| |||| 00| 0 ben d
020 ## - INTERNATIONAL STANDARD BOOK NUMBER
Terms of availability : IRs 50.00
035 ## - SYSTEM CONTROL NUMBER
System control number (BD-RjUL)41581
040 ## - CATALOGING SOURCE
Original cataloging agency BD-RjUL
Language of cataloging ben
Transcribing agency BD-RjUL
041 ## - LANGUAGE CODE
Language code of text/sound track or separate title ben
082 ## - DEWEY DECIMAL CLASSIFICATION NUMBER
Edition number 23
Classification number 891.442
Author mark and year PAB 1992
100 ## - MAIN ENTRY--PERSONAL NAME
Personal name পাল, সুব্রতকুমার
9 (RLIN) 127447
245 10 - TITLE STATEMENT
Title বাংলা ও হিন্দী পৌরাণিক নাটক /
Statement of responsibility, etc. সুব্রতকুমার পাল
260 ## - PUBLICATION, DISTRIBUTION, ETC. (IMPRINT)
Place of publication, distribution, etc. কলিকাতা :
Name of publisher, distributor, etc. পুস্তক বিপণি,
Date of publication, distribution, etc. ১৯৯২
300 ## - PHYSICAL DESCRIPTION
Pagination [১২], ১৩১ পৃ. ;
Size ২১ সেমি.
504 ## - BIBLIOGRAPHY, ETC. NOTE
Bibliography, etc গ্রন্থপঞ্জি সম্বলিত
650 ## - SUBJECT ADDED ENTRY--TOPICAL TERM
Topical term or geographic name as entry element বাংলা নাটক
9 (RLIN) 127448
Topical term or geographic name as entry element Bengali Drama
9 (RLIN) 127449
942 ## - ADDED ENTRY ELEMENTS (KOHA)
Source of classification or shelving scheme Dewey Decimal Classification
Koha item type Books
Holdings
Lost status Source of classification or shelving scheme Damaged status Not for loan Collection code Permanent Location Current Location Shelving location Date acquired Source of acquisition Cost, normal purchase price Total Checkouts Full call number Date last seen Copy number Koha item type
  Dewey Decimal Classification     Non-fiction Central Library, University of Rajshahi Central Library, University of Rajshahi   22/12/1996 Angkur 50.00   B 891.442 PAB 1992 31/05/2016 C-2 Books
  Dewey Decimal Classification   Not For Loan Non-fiction Central Library, University of Rajshahi Central Library, University of Rajshahi Reading Room   Angkur Prokashoni, Dhaka. 50.00   B 891.442 PAB 1992 08/03/2017 C-1 Books